Report of the World Food Summit, 13-17 November 1996 = (Record no. 14265)

000 -LEADER
fixed length control field 00850cam a22002294a 4500
020 ## - INTERNATIONAL STANDARD BOOK NUMBER
ISBN 9250042418
040 ## - CATALOGING SOURCE
Transcribing agency DLC
082 00 - DEWEY DECIMAL CLASSIFICATION NUMBER
Classification number 338 FOO 1997 A065 Or.
245 10 - TITLE STATEMENT
Title Report of the World Food Summit, 13-17 November 1996 =
Remainder of title Rapport du Sommet mondial de l'alimentation, 13-17 novembre 1996.
246 31 - VARYING FORM OF TITLE
Title proper/short title Rapport du sommet mondial de l'alimentation
246 15 - VARYING FORM OF TITLE
Title proper/short title Taqrīr muʾtamar al-qimmah al-ʻĀlamī lil-Aghdhiyah
260 ## - PUBLICATION, DISTRIBUTION, ETC. (IMPRINT)
Place of publication Rome :
Name of publisher Food and Agriculture Organization of the United Nations,
Year of publication 1997-1998.
300 ## - PHYSICAL DESCRIPTION
Number of Pages v. <2 > ;
Dimensions 30 cm.
500 ## - GENERAL NOTE
General note Description based on: v. 2, published in 1998.
650 #0 - SUBJECT ADDED ENTRY--TOPICAL TERM
Topical Term Food supply
650 #0 - SUBJECT ADDED ENTRY--TOPICAL TERM
Topical Term Produce trade
650 #0 - SUBJECT ADDED ENTRY--TOPICAL TERM
Topical Term Nutrition policy
650 #0 - SUBJECT ADDED ENTRY--TOPICAL TERM
Topical Term Agriculture and state
650 #0 - SUBJECT ADDED ENTRY--TOPICAL TERM
Topical Term Food supply
710 2# - ADDED ENTRY--CORPORATE NAME
Corporate name or jurisdiction name as entry element Food and Agriculture Organization of the United Nations.
942 ## - ADDED ENTRY ELEMENTS (KOHA)
Koha item type សៀវភៅភាសាអង់គ្លេស
952 ## - LOCATION AND ITEM INFORMATION (KOHA)
Withdrawn status [LOCAL, KOHA] 0
Holdings
Permanent Location Date acquired Koha item type Lost status Shelving location Barcode Current Location Full call number
Library Block A2017-10-11សៀវភៅភាសាអង់គ្លេស A065A21397Library Block A338 FOO 1997 A065 Or.
មជ្ឈមណ្ឌលឯការនៃសាកលវិទ្យាល័យភូមិន្ទកសិកម្មចំការដូង

Powered by Koha